000 00599nam a2200217Ia 4500
003 OSt
005 20220928141235.0
006 a|||||r|||| 00| 0
007 ta
008 220927b |||||||| |||| 00| 0 eng d
024 _a14138
037 _cTextual
040 _aSDCL
_cSDCL
_beng
041 _2eng
_aeng
082 _aV1:19:f, N6
100 _aAlker Hayward R
_9499427
245 0 _aRediscoveries and reformulations
_bHumanistic methodologies for international studies
260 _c1996
942 _hV1:19:f, N6
_cTEXL
_2CC
999 _c816547
_d816547